| 000 | 00834nam a22003257a 4500 | ||
|---|---|---|---|
| 001 | BR0104487 | ||
| 003 | BR-BrBNA | ||
| 005 | 20230928100951.0 | ||
| 007 | ta | ||
| 008 | 230509b bl.||||| |||| 00| 0 por d | ||
| 040 |
_aBR-BrBNA _bpor _cBiblioteca Nacional de Agricultura |
||
| 041 | _a(Por) | ||
| 072 | _aP01; F40 | ||
| 090 | _ P01 BR0104487 | ||
| 100 | 1 | _aShanley, P. | |
| 100 | 1 | _aCymerys, M. | |
| 100 | 1 | _aGalvao, J. | |
| 245 | 1 | _aFrutiferas da mata na vida amazonica | |
| 260 | 3 |
_aBelem, PA (Brasil): _c1998. |
|
| 300 | _a125 p. | ||
| 500 | _aBibliography p. 119-123; 9l illus. | ||
| 650 | _aFloresta | ||
| 650 | _aEcologia Florestal | ||
| 650 | _aArvore Frutifera | ||
| 650 | _aCusto de Producao | ||
| 650 | _aCulinaria | ||
| 650 | _aMedicamento | ||
| 909 |
_a202309 _bLucia _c55 _dLucia Elande |
||
| 942 | _cBK | ||
| 999 |
_c63632 _d63632 |
||